000
00432nam a2200145Ia 4500
008
100122s9999 xx 000 0 und d
082
_b
1340
_a
823
100
_a
भिडे भि गो
245
_a
तिरंगी सामना
260
_b
प्रकाशक शोधणे
_c
1924
300
_a
55
630
_a
तिरंगी सामना
730
_a
तिरंगी सामना
942
_c
BOOK
999
_c
396114
_d
396111